[Event "Oberliga Bayern 1617"]
[Site "Bayern"]
[Date "2017.04.02"]
[Round "8.6"]
[White "Hennig, Dirk"]
[Black "Walter, Florian"]
[Result "1/2-1/2"]
[WhiteElo "2357"]
[BlackElo "2188"]
[PlyCount "34"]
[EventDate "2016.10.16"]
[EventType "team-tourn"]
[EventRounds "9"]
[EventCountry "GER"]
[SourceTitle "EXT 2019"]
[Source "ChessBase"]
[SourceDate "2018.10.10"]
[SourceVersion "1"]
[SourceVersionDate "2018.10.10"]
[SourceQuality "1"]
[WhiteTeam "Muenchen 36"]
[BlackTeam "Nuernberg NT"]
[WhiteTeamCountry "GER"]
[BlackTeamCountry "GER"]

1. d4 Nf6 2. Bg5 d5 3. Bxf6 gxf6 4. e3 c5 5. dxc5 e6 6. c4 dxc4 7. Qxd8+ Kxd8 8. Nc3 Bxc5 9. 0-0-0+ Bd7 10. Bxc4 Ke7 11. Nge2 Bc6 12. Rhg1 Rg8 13. Nd4 Bd7 14. Be2 Nc6 15. Bf3 Ne5 16. Bxb7 Rab8 17. Bf3 Rgc8 1/2-1/2

[Event "Regionalliga SW 1314"]
[Site "Bayern"]
[Date "2013.11.10"]
[Round "2.3"]
[White "Von Zimmermann, Georg"]
[Black "Hennig, Dirk"]
[Result "0-1"]
[WhiteElo "2059"]
[BlackElo "2359"]
[PlyCount "90"]
[EventDate "2013.10.13"]
[EventType "team-tourn"]
[EventRounds "9"]
[EventCountry "GER"]
[SourceTitle "EXT 2015"]
[Source "ChessBase"]
[SourceDate "2014.11.20"]
[SourceVersion "1"]
[SourceVersionDate "2014.11.20"]
[SourceQuality "1"]
[WhiteTeam "MSA Zugzwang II"]
[BlackTeam "Muenchen 36"]
[WhiteTeamCountry "GER"]
[BlackTeamCountry "GER"]

1. e4 g6 2. d4 c6 3. f4 d5 4. e5 h5 5. Nc3 Nh6 6. Bd3 Bg4 7. Nce2 e6 8. c3 Nf5 9. Qb3 b6 10. Bd2 Nd7 11. Qa4 b5 12. Qc2 Nb6 13. 0-0-0 Nc4 14. Bxc4 bxc4 15. h3 Bxe2 16. Nxe2 h4 17. Rdg1 Rb8 18. g3 hxg3 19. Nxg3 Nh4 20. Rf1 Rb5 21. Kd1 Qb6 22. Bc1 c5 23. dxc5 Bxc5 24. Qe2 Kf8 25. Rh2 Kg7 26. Qg4 Kf8 27. Qe2 Qa5 28. f5 gxf5 29. Nh5 Qxa2 30. Nf6 Qb1 31. Nd7+ Ke8 32. Nxc5 Rxc5 33. Qc2 Qxc2+ 34. Kxc2 Rg8 35. Be3 Ra5 36. Rff2 Ra1 37. Bf4 Rgg1 38. Re2 Nf3 39. Rhf2 Ne1+ 40. Rxe1 Raxe1 41. h4 Ref1 42. Rxf1 Rxf1 43. Bg5 Rf2+ 44. Kc1 f4 45. h5 f3 0-1

[Event "POR-chT"]
[Site "Torres Vedras"]
[Date "2011.07.24"]
[Round "2.4"]
[White "Gallardo Retortillo, Enrique"]
[Black "Hennig, Dirk"]
[Result "0-1"]
[WhiteElo "2149"]
[BlackElo "2396"]
[PlyCount "76"]
[EventDate "2011.07.23"]
[EventType "team-swiss"]
[EventRounds "9"]
[EventCountry "POR"]
[SourceTitle "CBM 143 Extra"]
[Source "ChessBase"]
[SourceDate "2011.08.29"]
[SourceVersion "1"]
[SourceVersionDate "2011.08.29"]
[SourceQuality "1"]
[WhiteTeam "Diana"]
[BlackTeam "Albufeira"]
[WhiteTeamCountry "POR"]
[BlackTeamCountry "POR"]

1. d4 g6 2. c4 Bg7 3. e4 c5 4. d5 e5 5. Nc3 d6 6. Bd3 Nh6 7. Nge2 0-0 8. f3 f5 9. Be3 Nf7 10. exf5 gxf5 11. Qc2 Qh4+ 12. Bf2 Qg5 13. Ng3 e4 14. fxe4 f4 15. h4 Qg4 16. Nf5 Bxf5 17. exf5 Ne5 18. Qe2 Nxd3+ 19. Qxd3 Nd7 20. 0-0 Ne5 21. Qe4 Rxf5 22. Nb5 Rd8 23. Nc7 Kh8 24. Ne6 Rg8 25. Be1 Bf6 26. Bc3 f3 27. Qxg4 Rxg4 28. Rf2 Bxh4 29. Rd2 Kg8 30. Bxe5 Rxe5 31. Kh2 f2 32. Kh3 h5 33. Rf1 Re3+ 34. g3 Rexg3+ 35. Kh2 Rg2+ 36. Kh3 Bf6 37. Rd3 Be5 38. Rh1 Rh2+ 0-1

[Event "Landesliga Sued 1011"]
[Site "Bayern"]
[Date "2011.02.06"]
[Round "6.1"]
[White "Hennig, Dirk"]
[Black "Kindermann, Stefan"]
[Result "0-1"]
[WhiteElo "2376"]
[BlackElo "2475"]
[PlyCount "58"]
[EventDate "2010.10.10"]
[EventType "team-tourn"]
[EventRounds "9"]
[EventCountry "GER"]
[SourceTitle "EXT 2012"]
[Source "ChessBase"]
[SourceDate "2011.11.24"]
[SourceVersion "1"]
[SourceVersionDate "2011.11.24"]
[SourceQuality "1"]
[WhiteTeam "Muenchen Tarrasch II"]
[BlackTeam "Muenchen Zugzwang"]
[WhiteTeamCountry "GER"]
[BlackTeamCountry "GER"]

1. d4 d5 2. Nf3 Nf6 3. Bg5 Ne4 4. Bh4 c5 5. dxc5 Nc6 6. Nfd2 Nxc5 7. Nb3 Na4 8. Qc1 Qb6 9. c3 e5 10. e3 Be7 11. Bxe7 Nxe7 12. Na3 a6 13. g3 0-0 14. Bg2 Be6 15. 0-0 Rfd8 16. Qc2 Rac8 17. Rad1 Qc7 18. f4 f6 19. f5 Bf7 20. Qf2 b5 21. g4 Qb6 22. h4 b4 23. cxb4 Qxb4 24. g5 Kh8 25. Bh3 Bh5 26. Rc1 Bg4 27. Kh2 Bxh3 28. Kxh3 Qe4 29. Rcd1 Rf8 0-1

[Event "POR-chT 52nd"]
[Site "Vila Nova de Gaia"]
[Date "2010.07.28"]
[Round "5.1"]
[White "Hennig, Dirk"]
[Black "Ftacnik, Lubomir"]
[Result "0-1"]
[WhiteElo "2404"]
[BlackElo "2551"]
[PlyCount "54"]
[EventDate "2010.07.24"]
[EventType "team-tourn"]
[EventRounds "9"]
[EventCountry "POR"]
[SourceTitle "EXT 2011"]
[Source "ChessBase"]
[SourceDate "2010.11.26"]
[SourceVersion "1"]
[SourceVersionDate "2010.11.26"]
[SourceQuality "1"]
[WhiteTeam "Albufeira"]
[BlackTeam "Gaia"]
[WhiteTeamCountry "POR"]
[BlackTeamCountry "POR"]

1. d4 c5 2. d5 Nf6 3. Nc3 g6 4. e4 d6 5. Bf4 a6 6. a4 Qa5 7. f3 Bg7 8. Nge2 Nbd7 9. Ra3 0-0 10. Nc1 Ne5 11. Be2 e6 12. dxe6 Bxe6 13. Qxd6 Ne8 14. Qd2 Rd8 15. Nd5 Qxd2+ 16. Bxd2 Bxd5 17. exd5 Rxd5 18. f4 Nc6 19. Bf3 Rd6 20. Bc3 Nd4 21. Bxd4 Bxd4 22. Ne2 Re6 23. Bd5 Re7 24. Rb3 Nd6 25. Kd2 c4 26. Rf3 Bxb2 27. Rb1 Bg7 0-1

[Event "Landesliga Sued 0910"]
[Site "Bayern"]
[Date "2010.02.07"]
[Round "6.1"]
[White "Hennig, Dirk"]
[Black "Farago, Ivan"]
[Result "1-0"]
[WhiteElo "2390"]
[BlackElo "2455"]
[PlyCount "71"]
[EventDate "2009.10.18"]
[EventType "team-tourn"]
[EventRounds "9"]
[EventCountry "GER"]
[SourceTitle "EXT 2011"]
[Source "ChessBase"]
[SourceDate "2010.11.26"]
[SourceVersion "1"]
[SourceVersionDate "2010.11.26"]
[SourceQuality "1"]
[WhiteTeam "Muenchen Tarrasch II"]
[BlackTeam "Rottal"]
[WhiteTeamCountry "GER"]
[BlackTeamCountry "GER"]

1. d4 e6 2. Nf3 c5 3. g3 Nf6 4. Bg2 Qb6 5. c3 Nc6 6. 0-0 d5 7. dxc5 Bxc5 8. b4 Be7 9. a4 0-0 10. Bf4 Bd7 11. Ne5 Nxe5 12. Bxe5 Rac8 13. e4 Rfd8 14. Bd4 Qa6 15. e5 Ne8 16. Re1 Bb5 17. Nd2 Bc4 18. f4 Qc6 19. Bxa7 g6 20. Bd4 Ng7 21. g4 Rf8 22. Nf3 f6 23. exf6 Bxf6 24. Ne5 Qc7 25. Qd2 Qd8 26. g5 Bxe5 27. Rxe5 Qd7 28. Bh3 Nf5 29. Bxf5 Rxf5 30. Qe3 Rcf8 31. Rxe6 Rxf4 32. Qe5 R8f5 33. Qh8+ Kf7 34. Rf6+ Rxf6 35. Qxh7+ Ke8 36. Re1+ 1-0

[Event "Regionalliga SW 0809"]
[Site "Bayern"]
[Date "2009.03.15"]
[Round "8.1"]
[White "Fauth, Dietmar"]
[Black "Hennig, Dirk"]
[Result "0-1"]
[WhiteElo "2170"]
[BlackElo "2359"]
[PlyCount "58"]
[EventDate "2008.10.05"]
[EventType "team-tourn"]
[EventRounds "9"]
[EventCountry "GER"]
[SourceTitle "EXT 2020"]
[Source "ChessBase"]
[SourceDate "2019.10.17"]
[SourceVersion "1"]
[SourceVersionDate "2019.10.17"]
[SourceQuality "1"]
[WhiteTeam "Muenchen Siemens"]
[BlackTeam "Muenchen Tarrasch II"]
[WhiteTeamCountry "GER"]
[BlackTeamCountry "GER"]

1. e4 g6 2. d4 Bg7 3. Nc3 c6 4. Nf3 d5 5. e5 Bg4 6. Be2 e6 7. Bg5 Ne7 8. Qd2 h6 9. Bf4 g5 10. Be3 Nf5 11. 0-0-0 Nd7 12. Rhg1 b5 13. h3 Bxf3 14. gxf3 b4 15. Nb1 Qa5 16. f4 c5 17. dxc5 Nxc5 18. Bxc5 Qxc5 19. Bg4 Ne7 20. Rde1 Rc8 21. Re2 Ng6 22. f5 Nf4 23. fxe6 fxe6 24. Rge1 h5 25. Bf3 Bh6 26. Kd1 g4 27. hxg4 hxg4 28. Bxg4 Nxe2 29. Qxe2 Qd4+ 0-1

[Event "Regionalliga SW 0809"]
[Site "Bayern"]
[Date "2009.02.01"]
[Round "6.1"]
[White "Schenk, Uwe"]
[Black "Hennig, Dirk"]
[Result "1/2-1/2"]
[WhiteElo "2150"]
[BlackElo "2359"]
[PlyCount "146"]
[EventDate "2008.10.05"]
[EventType "team-tourn"]
[EventRounds "9"]
[EventCountry "GER"]
[SourceTitle "EXT 2020"]
[Source "ChessBase"]
[SourceDate "2019.10.17"]
[SourceVersion "1"]
[SourceVersionDate "2019.10.17"]
[SourceQuality "1"]
[WhiteTeam "Sonthofen"]
[BlackTeam "Muenchen Tarrasch II"]
[WhiteTeamCountry "GER"]
[BlackTeamCountry "GER"]

1. f4 d5 2. Nf3 Bg4 3. e3 Nd7 4. h3 Bxf3 5. Qxf3 c6 6. d4 e6 7. Bd3 f5 8. c4 Ngf6 9. Bd2 Ne4 10. 0-0 Bd6 11. Be1 0-0 12. Nc3 g5 13. cxd5 cxd5 14. Rd1 Kh8 15. Bxe4 dxe4 16. Qe2 gxf4 17. exf4 a6 18. d5 e5 19. fxe5 Nxe5 20. Qh5 Qb6+ 21. Kh1 Ng6 22. Ne2 f4 23. Bc3+ Kg8 24. Nd4 Rf7 25. Ne6 Be7 26. d6 Bd8 27. Qg4 Qe3 28. Rde1 Qg3 29. Qxg3 fxg3 30. Rxf7 Kxf7 31. Nc5 Bb6 32. Nxe4 Rd8 33. Ng5+ Kg8 34. Ne4 Bf2 35. Rd1 Kf7 36. Rd3 Ke6 37. Nxg3 Bxg3 38. Rxg3 Rxd6 39. Kh2 b5 40. Rf3 Rd1 41. g4 Ke7 42. h4 Ke8 43. h5 Ne7 44. Bg7 Nd5 45. g5 Rd2+ 46. Kg3 Rd1 47. g6 hxg6 48. h6 Rh1 49. Rf2 Ne7 50. Rf8+ Kd7 51. Ra8 Nf5+ 52. Kg2 Rh5 53. Ra7+ Ke8 54. Rxa6 Nxh6 55. Bxh6 Rxh6 56. Rb6 Rh5 57. Rxg6 Kd7 58. Kf3 Kc7 59. a3 Re5 60. Kf4 Re2 61. b4 Re1 62. Rg5 Kb6 63. Re5 Rh1 64. Re3 Rf1+ 65. Ke4 Rd1 66. Rd3 Re1+ 67. Kd5 Rh1 68. Kd6 Rh6+ 69. Kd7 Rh7+ 70. Kc8 Rh6 71. Rc3 Rc6+ 72. Rxc6+ Kxc6 73. Kb8 Kb6 1/2-1/2

[Event "Regionalliga SW 0708"]
[Site "Bayern"]
[Date "2008.03.09"]
[Round "7.1"]
[White "Wolfsteiner, Helmut"]
[Black "Hennig, Dirk"]
[Result "1/2-1/2"]
[WhiteElo "2258"]
[BlackElo "2360"]
[PlyCount "87"]
[EventDate "2007.10.21"]
[EventType "team-tourn"]
[EventRounds "9"]
[EventCountry "GER"]
[SourceTitle "EXT 2009"]
[Source "ChessBase"]
[SourceDate "2008.11.26"]
[SourceVersion "1"]
[SourceVersionDate "2008.11.26"]
[SourceQuality "1"]
[WhiteTeam "Kriegshaber"]
[BlackTeam "Muenchen Tarrasch II"]
[WhiteTeamCountry "GER"]
[BlackTeamCountry "GER"]

1. c4 g6 2. Nc3 Bg7 3. g3 c5 4. Bg2 Nc6 5. Nf3 d6 6. 0-0 Nh6 7. d3 0-0 8. a3 Bd7 9. Rb1 Nf5 10. Bd2 a5 11. Nb5 Na7 12. Nxa7 Rxa7 13. b4 cxb4 14. axb4 a4 15. Qc1 b5 16. Qa3 Qb8 17. Rfc1 Rc8 18. cxb5 Bxb5 19. Bh3 Rxc1+ 20. Rxc1 Rc7 21. Kf1 e6 22. Ke1 Nd4 23. Nxd4 Bxd4 24. Bg2 d5 25. e3 Bg7 26. d4 Bf8 27. Rxc7 Qxc7 28. Bf1 Bxf1 29. Kxf1 Qc2 30. Ke2 Bd6 31. Qd3 Qa2 32. Kd1 Qa1+ 33. Kc2 Kf8 34. Qc3 Qa2+ 35. Kc1 Ke7 36. Qc2 Qa3+ 37. Kb1 Kd7 38. b5 Bc7 39. Qc3 Qxc3 40. Bxc3 Bd6 41. Kb2 Kc7 42. Ba5+ Kb7 43. Kc3 a3 44. Kb3 1/2-1/2

[Event "Regionalliga SW 0708"]
[Site "Bayern"]
[Date "2008.02.17"]
[Round "6.1"]
[White "Hennig, Dirk"]
[Black "Kosic, Dragan"]
[Result "0-1"]
[WhiteElo "2360"]
[BlackElo "2467"]
[PlyCount "74"]
[EventDate "2007.10.21"]
[EventType "team-tourn"]
[EventRounds "9"]
[EventCountry "GER"]
[SourceTitle "EXT 2009"]
[Source "ChessBase"]
[SourceDate "2008.11.26"]
[SourceVersion "1"]
[SourceVersionDate "2008.11.26"]
[SourceQuality "1"]
[WhiteTeam "Muenchen Tarrasch II"]
[BlackTeam "Muenchen Suedost"]
[WhiteTeamCountry "GER"]
[BlackTeamCountry "GER"]

1. d4 e6 2. Nf3 Nf6 3. Bg5 Be7 4. e3 b6 5. c4 Bb7 6. Nc3 d6 7. Be2 Nbd7 8. h3 c5 9. 0-0 h6 10. Bh4 a6 11. Bg3 0-0 12. Rc1 Qc7 13. a3 Ne4 14. Nxe4 Bxe4 15. Nd2 Bb7 16. Bf3 Rac8 17. b4 Nf6 18. dxc5 bxc5 19. e4 Rfd8 20. Qb3 Nd7 21. Rc2 Bf6 22. Rb1 Bd4 23. b5 Ne5 24. Bxe5 dxe5 25. a4 Rd6 26. Qa3 Rf8 27. Nb3 f5 28. Re1 fxe4 29. Bxe4 Bxe4 30. Rxe4 Bxf2+ 31. Rxf2 Rd1+ 32. Kh2 Rxf2 33. Qxc5 Qf7 34. Qxe5 axb5 35. axb5 Rff1 36. Nd4 Qf2 37. Qxe6+ Kh7 0-1

[Event "Oberliga Bayern 0607"]
[Site "Bayern"]
[Date "2007.02.04"]
[Round "5.4"]
[White "Tran, Phat"]
[Black "Hennig, Dirk"]
[Result "1-0"]
[WhiteElo "2271"]
[BlackElo "2370"]
[PlyCount "79"]
[EventDate "2006.10.15"]
[EventType "team-tourn"]
[EventRounds "9"]
[EventCountry "GER"]
[SourceTitle "EXT 2008"]
[Source "ChessBase"]
[SourceDate "2007.11.25"]
[SourceVersion "1"]
[SourceVersionDate "2007.11.25"]
[SourceQuality "1"]
[WhiteTeam "Nuernberg NT"]
[BlackTeam "Muenchen Tarrasch"]
[WhiteTeamCountry "GER"]
[BlackTeamCountry "GER"]

1. d4 g6 2. c4 Bg7 3. Nc3 c5 4. e3 Nf6 5. Nf3 0-0 6. Be2 cxd4 7. exd4 d5 8. cxd5 Nxd5 9. Qb3 Nxc3 10. bxc3 Nc6 11. 0-0 Na5 12. Qa3 Be6 13. Bg5 f6 14. Bf4 Bd5 15. Rfe1 a6 16. Nd2 Rc8 17. Rac1 Re8 18. c4 Bf7 19. Be3 Nc6 20. Nf3 e6 21. Red1 Qe7 22. Qb3 Red8 23. Qb6 Nb8 24. Rb1 Rd7 25. Nd2 g5 26. Nb3 Bg6 27. Rbc1 Rdc7 28. d5 exd5 29. cxd5 Rxc1 30. Rxc1 Rxc1+ 31. Nxc1 Bf8 32. Nb3 Bf7 33. Qd4 Nd7 34. h4 gxh4 35. Bg4 Ne5 36. Bf5 Qb4 37. Qd1 Bd6 38. Bd4 Kg7 39. Be6 Bh5 40. Qa1 1-0

[Event "Oberliga Bayern 0405"]
[Site "Bayern"]
[Date "2005.03.13"]
[Round "8.4"]
[White "Hennig, Dirk"]
[Black "Frieser, Klaus"]
[Result "1/2-1/2"]
[WhiteElo "2384"]
[BlackElo "2155"]
[PlyCount "104"]
[EventDate "2004.10.24"]
[EventType "team-tourn"]
[EventRounds "9"]
[EventCountry "GER"]
[SourceTitle "EXT 2020"]
[Source "ChessBase"]
[SourceDate "2019.10.17"]
[SourceVersion "1"]
[SourceVersionDate "2019.10.17"]
[SourceQuality "1"]
[WhiteTeam "Muenchen Tarrasch"]
[BlackTeam "Kelheim SC"]
[WhiteTeamCountry "GER"]
[BlackTeamCountry "GER"]

1. d4 d5 2. Nf3 Nf6 3. Bg5 Ne4 4. Bh4 c6 5. e3 Qb6 6. Qc1 Bf5 7. Be2 e6 8. 0-0 Bd6 9. c4 dxc4 10. Nbd2 Nxd2 11. Nxd2 Qc7 12. e4 Bg6 13. e5 Be7 14. Bxe7 Qxe7 15. Nxc4 0-0 16. Nd6 Nd7 17. Nxb7 Nxe5 18. Na5 Qb4 19. Qc3 Nd3 20. Nxc6 Qxc3 21. Ne7+ Kh8 22. Nxg6+ hxg6 23. bxc3 Nf4 24. Ba6 Rab8 25. Rfb1 Nd5 26. Rxb8 Rxb8 27. Rc1 Rb2 28. Bc4 Nb6 29. Bb3 a5 30. Ra1 a4 31. Bd1 Nd5 32. Bxa4 Nxc3 33. Be8 Kg8 34. a4 Kf8 35. Bc6 Ne2+ 36. Kf1 Nxd4 37. Bf3 Nxf3 38. gxf3 Ke7 39. a5 Kd6 40. a6 Rb8 41. Ke2 Kc7 42. a7 Ra8 43. Kd3 Kb7 44. Ke4 f6 45. Rb1+ Kxa7 46. Rd1 Rb8 47. f4 Rb7 48. Rg1 Rb4+ 49. Ke3 Rb3+ 50. Ke2 Rb2+ 51. Ke3 Rb3+ 52. Ke2 Rb2+ 1/2-1/2